[Event "Isolated Queens Internet op 2nd"]
[Site "Chess.com INT"]
[Date "2020.05.02"]
[Round "4"]
[White "Garcia Morales, Ivette Alejandra"]
[Black "Kazarian, Anna Maja"]
[Result "0-1"]
[WhiteElo "2016"]
[BlackElo "2096"]
[PlyCount "108"]
[EventDate "2020.05.02"]
[EventType "swiss"]
[EventRounds "10"]
[EventCountry "USA"]
[SourceTitle "CBM 195 Extra"]
[Source "ChessBase"]
[SourceDate "2020.05.31"]
[SourceVersion "1"]
[SourceVersionDate "2020.05.31"]
[SourceQuality "1"]

1. d4 Nf6 2. Bg5 d5 3. Bxf6 gxf6 4. e3 Bg7 5. c4 c6 6. Nc3 e6 7. Qg4 Kf8 8. h4 e5 9. Qg3 exd4 10. exd4 dxc4 11. Nf3 b5 12. Be2 Rg8 13. Qf4 Na6 14. Rd1 Qc7 15. Qe3 Bb7 16. d5 Re8 17. Qd2 b4 18. Na4 cxd5 19. 0-0 f5 20. Nd4 Be5 21. Nxf5 Bh2+ 22. Kh1 Bf4 23. Qd4 Be5 24. Qd2 Bf4 25. Qd4 Rxe2 26. Rfe1 Rxe1+ 27. Rxe1 Bc8 28. b3 Bxf5 29. bxc4 Bd6 30. cxd5 Rg4 31. Qh8+ Rg8 32. Qd4 Be7 33. Nb2 Nc5 34. Nc4 Ne4 35. d6 Nxd6 36. Ne5 Ne4 37. f3 Ng3+ 38. Kh2 Bd6 39. f4 Nh5 40. Rd1 Bc5 41. Qd5 Be6 42. Qd2 Ng3 43. Qd3 Nf5 44. g4 Nxh4 45. Qxh7 Bd6 46. Qxh4 Bxe5 47. Rd8+ Qxd8 48. Qxd8+ Kg7 49. Qg5+ Kh7 50. Qh5+ Kg7 51. fxe5 Rh8 52. Qxh8+ Kxh8 53. Kg3 Kg7 54. Kf4 Bxa2 0-1

[Event "Iberoamerican-ch 7th"]
[Site "Linares"]
[Date "2019.08.11"]
[Round "2"]
[White "Fier, Alexandr"]
[Black "Garcia Morales, Ivette Alejandra"]
[Result "1-0"]
[WhiteElo "2558"]
[BlackElo "1988"]
[PlyCount "53"]
[EventDate "2019.08.10"]
[EventType "swiss"]
[EventRounds "9"]
[EventCountry "ESP"]
[SourceTitle "CBM 191 Extra"]
[Source "ChessBase"]
[SourceDate "2019.09.30"]
[SourceVersion "1"]
[SourceVersionDate "2019.09.30"]
[SourceQuality "1"]

1. c4 e6 2. Nc3 Nf6 3. e4 d5 4. cxd5 exd5 5. e5 Ng4 6. d4 c5 7. Nf3 Nc6 8. Bb5 cxd4 9. Qxd4 a6 10. Bxc6+ bxc6 11. h3 Nh6 12. Bxh6 gxh6 13. e6 f6 14. 0-0 Rg8 15. Rfe1 Qe7 16. Qa4 Qd6 17. Nd4 Be7 18. Nxc6 Bxe6 19. Nd4+ Bd7 20. Nf5 Bxa4 21. Nxd6+ Kd7 22. Nf5 Bb4 23. Nxa4 Bxe1 24. Nb6+ Kc6 25. Nxa8 Bb4 26. a3 Bc5 27. Rc1 1-0

[Event "Olympiad Women-43"]
[Site "Batumi"]
[Date "2018.10.02"]
[Round "8.4"]
[White "Molina, Jessica"]
[Black "Garcia Morales, Ivette Alejandra"]
[Result "1-0"]
[WhiteElo "1806"]
[BlackElo "2013"]
[PlyCount "53"]
[EventDate "2018.09.24"]
[EventType "team-swiss"]
[EventRounds "11"]
[EventCountry "GEO"]
[SourceTitle "EXT 2020"]
[Source "ChessBase"]
[SourceDate "2019.10.17"]
[SourceVersion "1"]
[SourceVersionDate "2019.10.17"]
[SourceQuality "1"]
[WhiteTeam "Bolivia (W)"]
[BlackTeam "Mexico (W)"]
[WhiteTeamCountry "BOL"]
[BlackTeamCountry "MEX"]

1. f4 d5 2. Nf3 c5 3. e3 Nc6 4. b3 Nf6 5. Bb2 Bg4 6. Be2 g6 7. 0-0 Bg7 8. d3 0-0 9. Nbd2 Qc7 10. Ne5 Bxe2 11. Qxe2 Ne8 12. Ndf3 Nd6 13. Rad1 Rae8 14. Qf2 Nd8 15. c4 e6 16. d4 Ne4 17. Qc2 f6 18. Ng4 Nc6 19. dxc5 Nb4 20. Qb1 Nxc5 21. a3 Nc6 22. cxd5 exd5 23. b4 Na4 24. Rxd5 Nxb2 25. Qxb2 f5 26. Qb3 Qf7 27. Ng5 1-0

[Event "Guillermo Garcia Memorial op 24th"]
[Site "Santa Clara"]
[Date "2015.06.11"]
[Round "9"]
[White "Garcia Morales, Ivette Alejandra"]
[Black "Rodriguez Dosina, Adrian"]
[Result "1/2-1/2"]
[WhiteElo "2093"]
[BlackElo "2165"]
[PlyCount "113"]
[EventDate "2015.06.03"]
[EventType "swiss"]
[EventRounds "9"]
[EventCountry "CUB"]
[SourceTitle "CBM 167 Extra"]
[Source "ChessBase"]
[SourceDate "2015.09.14"]
[SourceVersion "1"]
[SourceVersionDate "2015.09.14"]
[SourceQuality "1"]

1. d4 Nf6 2. c4 e6 3. g3 Bb4+ 4. Bd2 c5 5. Bg2 0-0 6. Nf3 Nc6 7. 0-0 Bxd2 8. Qxd2 d6 9. Nc3 Qe7 10. Rad1 Rd8 11. Qg5 h6 12. Qf4 cxd4 13. Nxd4 e5 14. Nxc6 bxc6 15. Qc1 Bb7 16. e4 a5 17. Rd2 Ba6 18. b3 Nd7 19. Rfd1 Nc5 20. Qa3 Bc8 21. Na4 Nxa4 22. Qxa4 c5 23. Qa3 Bg4 24. Re1 Ra6 25. Re3 Be6 26. f4 f6 27. f5 Bf7 28. g4 Qb7 29. Bf1 Be8 30. h4 a4 31. Qc1 axb3 32. axb3 Rda8 33. Qe1 Ra1 34. Qg3 Qe7 35. g5 fxg5 36. hxg5 hxg5 37. Rh2 Qf6 38. Rg2 Rb1 39. Re1 Rxe1 40. Qxe1 Bc6 41. Qe3 Kf7 42. b4 cxb4 43. c5 d5 44. Qb3 Qe7 45. Rc2 Kf6 46. Qxb4 dxe4 47. Qb6 Qb7 48. Rb2 Ra7 49. Qd8+ Qe7 50. Qb6 Qb7 51. Qd8+ Qe7 52. Qb6 Qd7 53. Bb5 Qd4+ 54. Rf2 Qd1+ 55. Kg2 Qg4+ 56. Kh2 Qh4+ 57. Kg2 1/2-1/2

[Event "Guillermo Garcia Memorial op 24th"]
[Site "Santa Clara"]
[Date "2015.06.07"]
[Round "5"]
[White "Ruiz Aguilar, Pablo Alexander"]
[Black "Garcia Morales, Ivette Alejandra"]
[Result "1-0"]
[WhiteElo "2283"]
[BlackElo "2093"]
[PlyCount "141"]
[EventDate "2015.06.03"]
[EventType "swiss"]
[EventRounds "9"]
[EventCountry "CUB"]
[SourceTitle "CBM 167 Extra"]
[Source "ChessBase"]
[SourceDate "2015.09.14"]
[SourceVersion "1"]
[SourceVersionDate "2015.09.14"]
[SourceQuality "1"]

1. e4 e6 2. d4 d5 3. e5 c5 4. c3 Nc6 5. Nf3 Qb6 6. a3 Bd7 7. b4 cxb4 8. cxb4 Rc8 9. Bb2 Nge7 10. Bd3 Na5 11. 0-0 Nc4 12. Bxc4 dxc4 13. Nc3 Bc6 14. Qe2 a5 15. bxa5 Qxa5 16. Nd2 Nd5 17. Nde4 b5 18. Nxd5 Bxd5 19. Nc3 Qa8 20. f4 Qc6 21. f5 Be7 22. fxe6 fxe6 23. Qh5+ g6 24. Qh3 h5 25. Rf2 Rf8 26. Rxf8+ Kxf8 27. Qe3 Kg7 28. Ra2 Rf8 29. Bc1 g5 30. h4 Rf5 31. Rf2 Rxf2 32. Qxf2 gxh4 33. Qf4 Qe8 34. Qh6+ Kg8 35. Nxb5 Qf8 36. Qxf8+ Kxf8 37. Nc7 Kf7 38. Nxd5 exd5 39. Kf2 Ke6 40. Kf3 Kf5 41. a4 Bb4 42. Ke3 Ba5 43. Ba3 Ke6 44. Bc5 Kd7 45. Ke2 Ke6 46. Kd1 Kd7 47. Kc2 Kc6 48. e6 Kc7 49. Be7 Kc6 50. Ba3 Kc7 51. Bc5 Kc6 52. Kb2 Bd2 53. Ka2 Ba5 54. Ka3 Kc7 55. Bb4 Bb6 56. Bc5 Ba5 57. Kb2 Kc6 58. Kc1 Kc7 59. Kd1 Kc6 60. Ke2 Kc7 61. Be7 Kc6 62. Ke3 Kc7 63. Bc5 Kc6 64. Kf4 Bd2+ 65. Kf5 c3 66. Kg6 c2 67. Ba3 Bb4 68. Bc1 Kc7 69. Kf7 Kd8 70. Bg5+ Kc7 71. e7 1-0

[Event "Guillermo Garcia Memorial op 24th"]
[Site "Santa Clara"]
[Date "2015.06.03"]
[Round "1"]
[White "Pomares Diaz, Manuel Alejandro"]
[Black "Garcia Morales, Ivette Alejandra"]
[Result "1-0"]
[WhiteElo "2274"]
[BlackElo "2093"]
[PlyCount "65"]
[EventDate "2015.06.03"]
[EventType "swiss"]
[EventRounds "9"]
[EventCountry "CUB"]
[SourceTitle "CBM 167 Extra"]
[Source "ChessBase"]
[SourceDate "2015.09.14"]
[SourceVersion "1"]
[SourceVersionDate "2015.09.14"]
[SourceQuality "1"]

1. e4 e6 2. d3 d5 3. Nd2 Nf6 4. Ngf3 b6 5. c3 Ba6 6. Be2 dxe4 7. dxe4 Bxe2 8. Qxe2 a5 9. 0-0 Bc5 10. e5 Nd5 11. Ne4 Be7 12. a3 Bf8 13. c4 Ne7 14. Rd1 Qc8 15. Bg5 h6 16. Bf4 Ng6 17. Bg3 Na6 18. h4 Nc5 19. h5 Nxe4 20. Qxe4 Ne7 21. Bh4 c5 22. Rd6 Rb8 23. Rad1 Qc7 24. Qd3 b5 25. b3 a4 26. Rd7 Qb6 27. Rxe7+ Bxe7 28. Qd7+ Kf8 29. Qxe7+ Kg8 30. Rd7 Rf8 31. Rb7 Qc6 32. cxb5 Qe4 33. Qxf8+ 1-0

[Event "World University-ch (Women) 13th"]
[Site "Katowice"]
[Date "2014.08.22"]
[Round "6"]
[White "Garcia Morales, Ivette Alejandra"]
[Black "Rosas Rodriguez, Carmen Melissa"]
[Result "1/2-1/2"]
[WhiteElo "2113"]
[BlackElo "1807"]
[PlyCount "42"]
[EventDate "2014.08.18"]
[EventType "swiss"]
[EventRounds "9"]
[EventCountry "POL"]
[SourceTitle "CBM 161 Extra"]
[Source "ChessBase"]
[SourceDate "2014.08.29"]
[SourceVersion "1"]
[SourceVersionDate "2014.08.29"]
[SourceQuality "1"]

1. d4 d5 2. Nf3 Nc6 3. g3 Nf6 4. Bg2 g6 5. 0-0 Bg7 6. c4 0-0 7. cxd5 Qxd5 8. Nc3 Qd7 9. Ne5 Nxe5 10. dxe5 Qxd1 11. Rxd1 Ng4 12. f4 c6 13. h3 Nh6 14. Be3 Nf5 15. Bf2 e6 16. Be4 Ne7 17. Bg2 Nf5 18. Be4 Ne7 19. Bg2 Nf5 20. Be4 Ne7 21. Bg2 Nf5 1/2-1/2

[Event "World University-ch (Women) 13th"]
[Site "Katowice"]
[Date "2014.08.19"]
[Round "2"]
[White "Fominykh, Maria"]
[Black "Garcia Morales, Ivette Alejandra"]
[Result "1-0"]
[WhiteElo "2296"]
[BlackElo "2113"]
[PlyCount "67"]
[EventDate "2014.08.18"]
[EventType "swiss"]
[EventRounds "9"]
[EventCountry "POL"]
[SourceTitle "CBM 161 Extra"]
[Source "ChessBase"]
[SourceDate "2014.08.29"]
[SourceVersion "1"]
[SourceVersionDate "2014.08.29"]
[SourceQuality "1"]

1. d4 e6 2. c4 Nf6 3. g3 Bb4+ 4. Bd2 Qe7 5. Bg2 Nc6 6. Nf3 Bxd2+ 7. Nbxd2 d6 8. 0-0 a5 9. e4 e5 10. d5 Nb8 11. Ne1 0-0 12. Nd3 c6 13. f4 Ng4 14. Qe2 b5 15. Kh1 f6 16. h3 Nh6 17. fxe5 fxe5 18. Rxf8+ Qxf8 19. Rf1 Qe7 20. dxc6 Nxc6 21. cxb5 Nd4 22. Qe3 Be6 23. a4 Nf7 24. Kh2 Rc8 25. Rc1 Qb7 26. Nf3 Nb3 27. Rxc8+ Qxc8 28. Qa7 Bc4 29. b6 Ba6 30. Qc7 Nd8 31. Qxd6 Nf7 32. Qd5 Nd4 33. Nfxe5 Ne6 34. Nxf7 1-0

[Event "World University-ch (Women) 13th"]
[Site "Katowice"]
[Date "2014.08.18"]
[Round "1"]
[White "Garcia Morales, Ivette Alejandra"]
[Black "Zhang, Xiaowen"]
[Result "1-0"]
[WhiteElo "2113"]
[BlackElo "2375"]
[PlyCount "61"]
[EventDate "2014.08.18"]
[EventType "swiss"]
[EventRounds "9"]
[EventCountry "POL"]
[SourceTitle "CBM 161 Extra"]
[Source "ChessBase"]
[SourceDate "2014.08.29"]
[SourceVersion "1"]
[SourceVersionDate "2014.08.29"]
[SourceQuality "1"]

1. d4 g6 2. g3 Bg7 3. Bg2 Nf6 4. c4 0-0 5. Nf3 d6 6. 0-0 Nc6 7. Nc3 Bf5 8. Nh4 Bd7 9. h3 a6 10. Rb1 Qc8 11. g4 h5 12. Bxc6 Bxc6 13. d5 Bd7 14. f3 c5 15. Ng2 hxg4 16. hxg4 b5 17. e4 bxc4 18. Bg5 Re8 19. Qd2 Nh7 20. Bh6 Bf6 21. Be3 Rb8 22. Kf2 Qc7 23. Nf4 Bh4+ 24. Kg2 Qc8 25. Rh1 Bf6 26. Nfe2 Rb6 27. Rxh7 Kxh7 28. Rh1+ Kg8 29. Bg5 Rxb2 30. Bxf6 exf6 31. Qh6 1-0

[Event "Olympiad Women-41"]
[Site "Tromsoe"]
[Date "2014.08.09"]
[Round "7.1"]
[White "Ptacnikova, Lenka"]
[Black "Garcia Morales, Ivette Alejandra"]
[Result "1-0"]
[WhiteElo "2273"]
[BlackElo "2113"]
[PlyCount "149"]
[EventDate "2014.08.02"]
[EventType "team-swiss"]
[EventRounds "11"]
[EventCountry "NOR"]
[SourceTitle "CBM 162"]
[Source "ChessBase"]
[SourceDate "2014.09.17"]
[SourceVersion "1"]
[SourceVersionDate "2014.09.17"]
[SourceQuality "1"]
[WhiteTeam "Iceland (W)"]
[BlackTeam "Mexico (W)"]
[WhiteTeamCountry "ISL"]
[BlackTeamCountry "MEX"]

1. Nf3 e6 2. g3 Nf6 3. Bg2 Be7 4. 0-0 d5 5. c4 d4 6. e3 c5 7. exd4 cxd4 8. d3 Nc6 9. Re1 0-0 10. b3 Ne8 11. Na3 f6 12. Nc2 e5 13. a3 a5 14. Rb1 Rb8 15. b4 axb4 16. axb4 b5 17. Nh4 Qd6 18. c5 Qd7 19. Qf3 Nd8 20. Qd5+ Ne6 21. Nf5 Rf7 22. f4 N6c7 23. Qxd7 Bxd7 24. Nxe7+ Rxe7 25. Nxd4 Rd8 26. fxe5 Rxe5 27. Rxe5 fxe5 28. Nf3 Bf5 29. Nxe5 Bxd3 30. Nxd3 Rxd3 31. Bf4 Ne6 32. Be5 Re3 33. Bb8 N8c7 34. c6 Rd3 35. Re1 Kf7 36. Bh3 Rc3 37. Bg2 Rc4 38. Rd1 Kf6 39. Rd6 Rc1+ 40. Kf2 Rc2+ 41. Kf1 Rc1+ 42. Ke2 Rc2+ 43. Rd2 Rxd2+ 44. Kxd2 Ke7 45. Bh3 Nd5 46. Be5 g6 47. Kc1 Nec7 48. Kb2 Kd8 49. Kb3 Ke7 50. Bg4 Na6 51. h4 Nac7 52. Bh3 Ne6 53. g4 Nec7 54. g5 Ne6 55. Bg4 Nec7 56. Ka3 Ne6 57. Bd1 Nb6 58. Bb3 Nc8 59. Kb2 Nb6 60. Kc3 Na8 61. Kd3 Nac7 62. Ke4 Na6 63. Bxe6 Kxe6 64. c7 Kd7 65. Bd6 Nxc7 66. Bxc7 Kxc7 67. Kd5 Kd7 68. Kc5 Ke6 69. Kxb5 Kf5 70. Kc4 Kg4 71. b5 Kxh4 72. b6 Kxg5 73. b7 Kh4 74. b8Q g5 75. Qh2+ 1-0

[Event "Olympiad Women-41"]
[Site "Tromsoe"]
[Date "2014.08.08"]
[Round "6.1"]
[White "Garcia Morales, Ivette Alejandra"]
[Black "Ramirez, Maria Eugenia"]
[Result "1/2-1/2"]
[WhiteElo "2113"]
[BlackElo "1994"]
[PlyCount "113"]
[EventDate "2014.08.02"]
[EventType "team-swiss"]
[EventRounds "11"]
[EventCountry "NOR"]
[SourceTitle "CBM 162"]
[Source "ChessBase"]
[SourceDate "2014.09.17"]
[SourceVersion "1"]
[SourceVersionDate "2014.09.17"]
[SourceQuality "1"]
[WhiteTeam "Mexico (W)"]
[BlackTeam "Bolivia (W)"]
[WhiteTeamCountry "MEX"]
[BlackTeamCountry "BOL"]

1. d4 Nf6 2. Nf3 g6 3. g3 Bg7 4. Bg2 e6 5. c4 c6 6. Nc3 d5 7. 0-0 0-0 8. Ne5 Nfd7 9. f4 Nxe5 10. fxe5 f6 11. exf6 Rxf6 12. Bf4 g5 13. Be3 h6 14. Rxf6 Bxf6 15. Qd3 Kg7 16. Rf1 Na6 17. h4 Qe8 18. hxg5 hxg5 19. Bc1 Qg6 20. e4 c5 21. cxd5 cxd4 22. Ne2 e5 23. Qb5 Be7 24. a3 Nc5 25. b4 Bd7 26. Qc4 b5 27. Qa2 Nb7 28. Bb2 Qb6 29. d6 Bf6 30. Nxd4 Rf8 31. Qd5 Nxd6 32. Rf2 Bc8 33. Ne6+ Bxe6 34. Qxe6 Nc4 35. Qxb6 Nxb6 36. Bf1 a6 37. Rc2 Rc8 38. Rc5 Rxc5 39. bxc5 Na8 40. a4 Nc7 41. axb5 axb5 42. Kf2 Kf7 43. Ke3 Be7 44. Bxe5 Bxc5+ 45. Kf3 Bb6 46. Kg4 Ke6 47. Bb2 Be3 48. Kf3 Bd2 49. Bh3+ Ke7 50. Ke2 Bb4 51. Ke3 Be1 52. Be5 Ne6 53. Bf1 b4 54. g4 Nc5 55. Bc4 Bc3 56. Bd4 Ne6 57. Bxc3 1/2-1/2

[Event "Pan American-ch U20 Girls"]
[Site "Asuncion"]
[Date "2014.06.25"]
[Round "6"]
[White "Garcia Morales, Ivette Alejandra"]
[Black "Eswaran, Ashritha"]
[Result "1/2-1/2"]
[WhiteElo "2108"]
[BlackElo "2011"]
[PlyCount "97"]
[EventDate "2014.06.21"]
[EventType "swiss"]
[EventRounds "9"]
[EventCountry "PAR"]
[SourceTitle "CBM 161 Extra"]
[Source "ChessBase"]
[SourceDate "2014.08.29"]
[SourceVersion "1"]
[SourceVersionDate "2014.08.29"]
[SourceQuality "1"]

1. d4 Nf6 2. Bg5 d5 3. Bxf6 exf6 4. e3 Bd6 5. Bd3 0-0 6. Qf3 g6 7. Ne2 f5 8. h3 h5 9. Nf4 Bxf4 10. Qxf4 Kg7 11. Nc3 c6 12. Ne2 Be6 13. 0-0-0 Nd7 14. g4 fxg4 15. hxg4 g5 16. Qg3 h4 17. Qg2 Rh8 18. Bf5 Qe7 19. Rde1 Nb6 20. Ng1 Nc4 21. c3 Nd6 22. Nf3 f6 23. Bxe6 Qxe6 24. Nd2 Ne4 25. f3 Ng3 26. Rhg1 Rae8 27. Nf1 Nxf1 28. Rgxf1 b5 29. Qc2 a5 30. Kb1 Qd6 31. e4 dxe4 32. fxe4 Re6 33. e5 Qe7 34. Rf5 fxe5 35. Rexe5 Rxe5 36. Rxe5 Qf6 37. Rf5 Qg6 38. Qd2 h3 39. Qh2 Rh4 40. Qc7+ Kh6 41. Qd8 Rxg4 42. Qf8+ Kh5 43. Qh8+ Qh6 44. Qe8+ Kh4 45. Qe1+ Kh5 46. Qe8+ Kh4 47. Qe1+ Rg3 48. Qe4+ Kh5 49. Qe2+ 1/2-1/2

[Event "Pan American-ch U20 Girls"]
[Site "Asuncion"]
[Date "2014.06.21"]
[Round "1"]
[White "Garcia Morales, Ivette Alejandra"]
[Black "Prado, Alexandra"]
[Result "1-0"]
[WhiteElo "2108"]
[BlackElo "1830"]
[PlyCount "61"]
[EventDate "2014.06.21"]
[EventType "swiss"]
[EventRounds "9"]
[EventCountry "PAR"]
[SourceTitle "CBM 161 Extra"]
[Source "ChessBase"]
[SourceDate "2014.08.29"]
[SourceVersion "1"]
[SourceVersionDate "2014.08.29"]
[SourceQuality "1"]

1. d4 Nf6 2. c4 g6 3. g3 Bg7 4. Bg2 d6 5. Nf3 0-0 6. 0-0 Nbd7 7. Nc3 c5 8. b3 Rb8 9. Bb2 cxd4 10. Nxd4 a6 11. h3 Qb6 12. e4 Ne5 13. Rb1 Bd7 14. Kh1 Nc6 15. Nf3 Qa5 16. Ng1 Rfe8 17. Nd5 Nxd5 18. Bxg7 Kxg7 19. exd5 Nb4 20. Qe1 Bf5 21. Qc3+ Kg8 22. Ra1 Qc5 23. g4 Bd7 24. Qd2 a5 25. Rfd1 e6 26. a3 Na6 27. a4 e5 28. f4 Rbc8 29. f5 Qb4 30. Qh6 Nc5 31. f6 1-0